The Oxford Guide to Effective Writing and Speaking / (Record no. 512)

000 -LEADER
fixed length control field 00658nam a2200217 a 4500
008 - FIXED-LENGTH DATA ELEMENTS--GENERAL INFORMATION
fixed length control field 190909r20072012ii a|||gr|||| 001 0 eng d
020 ## - INTERNATIONAL STANDARD BOOK NUMBER
International Standard Book Number 9780195675153
Terms of availability Rs. 199.00
040 ## - CATALOGING SOURCE
Original cataloging agency IMU Kochi Library
Language of cataloging eng
041 0# - LANGUAGE CODE
Language code of text/sound track or separate title eng
044 ## - COUNTRY OF PUBLISHING/PRODUCING ENTITY CODE
MARC country code India
082 04 - DEWEY DECIMAL CLASSIFICATION NUMBER
Edition number 23
Classification number 428.2
Item number Se35
100 1# - MAIN ENTRY--PERSONAL NAME
Personal name Seely, John
245 10 - TITLE STATEMENT
Title The Oxford Guide to Effective Writing and Speaking /
260 ## - PUBLICATION, DISTRIBUTION, ETC. (IMPRINT)
Place of publication, distribution, etc New Delhi :
Name of publisher, distributor, etc Oxford University Press,
Date of publication, distribution, etc 2007, reprint 2012
300 ## - PHYSICAL DESCRIPTION
Extent 312 p. :
Other physical details ill. ;
Dimensions 23.5 cm.
504 ## - BIBLIOGRAPHY, ETC. NOTE
Bibliography, etc Includes index.
650 #0 - SUBJECT ADDED ENTRY--TOPICAL TERM
Topical term or geographic name as entry element English language
General subdivision Written English
Form subdivision Textbooks
650 #0 - SUBJECT ADDED ENTRY--TOPICAL TERM
Topical term or geographic name as entry element English language
General subdivision Spoken English
Form subdivision Textbooks
852 ## - LOCATION/CALL NUMBER
Location IMU Kochi Library
942 ## - ADDED ENTRY ELEMENTS (KOHA)
Item type Books
Holdings
Withdrawn status Lost status Source of classification or shelving scheme Damaged status Not for loan Collection code Permanent location Current location Shelving location Date acquired Source of acquisition Cost, normal purchase price Total Checkouts Full call number Barcode Date last seen Date last borrowed Koha item type Public note
          English IMU Kochi Library IMU Kochi Library General Stacks 2012-11-12 World Book Service (Inv. No. 622 Dt 2012-11-05) 199.00 1 428.2 Se35 BK002158 2024-09-25 2024-09-11 Books Gen. Shelf-7, Row-3
          English IMU Kochi Library IMU Kochi Library General Stacks 2012-11-12 World Book Service (Inv. No. 622 Dt 2012-11-05) 199.00 1 428.2 Se35 BK002159 2024-09-05 2024-09-05 Books Gen. Shelf-7, Row-3
          English IMU Kochi Library IMU Kochi Library General Stacks 2013-03-15 Ajith Book Stall (Inv. No. 9228 Dt 2013-03-14) 199.00   428.2 Se35 BK000679 2019-09-09   Books Gen. Shelf-7, Row-3
          English IMU Kochi Library IMU Kochi Library General Stacks 2013-06-04 Sterling Book House (Inv. No.393 Dt 2013-05-23) 195.00 3 428.2 Se35 BK002402 2025-12-19 2025-12-10 Books Gen. Shelf-7, Row-3
          English IMU Kochi Library IMU Kochi Library General Stacks 2013-05-06 Flipkart (Inv. No.KOL20130500000262 Dt 2013-05-02) 147.00   428.2 Se35 BK002286 2019-09-09   Books Gen. Shelf-7, Row-3


Copyright © All Rights Reserved by Indian Maritime University, Kochi Campus.
For any Suggestions/Query Contact to library or Email: library.kochi@imu.ac.in Ph:(0484)-2989402
(Web OPAC Designed by Rudra Ranjan. Maintained by IMU Kochi Library)

Powered by Koha